000 004460000a22001810004500
003 MACL
005 20151231124245.0
008 151231b xxu||||| |||| 00| 0 eng d
040 _aMACL
_cMACL
041 _aEnglish
082 _a352.1/LOD
100 _aWadhwa, S K
_925553
245 _aTribunal Manual
260 _bWadhwa Law House
_c1994
_aGwalior
350 _a160
650 _aPublic Administration
_925554
942 _cBK
_k352.1/WAD
_2ddc
999 _c34311
_d34311